000 00758cam a2200241 a 4500
001 000019781
005 20200929170134.0
008 820611s1961 sp 001 e spa d
040 _aDO-SdBNP
_cCarP
_dDLC
082 _a864.6
_bB467e
100 1 _aBenito, José de,
_d1901-1992
_942255
245 1 0 _aEstampas de España e Indias /
_cJosé de Benito.
260 _aMadrid :
_bEspasa-Calpe,
_c1961.
300 _a212 p. ;
_c18 cm.
490 1 _aAustral. Verde: ensayos y filosofía
_v1295
500 _aIncluye índice de autores.
650 4 _aEnsayos españoles
_93095
650 4 _aLiteratura española
_9632
830 0 _aAustral.
_pVerde: ensayos y filosofía;
_v1295
_98733
910 _aCatalogación derivada / LC
910 _aWM
049 _aBNGR
999 _c19295
_d19295